000 00479cam a22001337a 4500
008 180718b1959 xxu||||| |||| 00| 0 eng d
082 _aDx47 T179
100 _aTarulis, Albert N.
245 _aSoviet policy toward the baltic states, 1918-1940
_cby Albert N. Tarulis
260 _aNorte Dame
_bUniversity of Norte Dame Press
_c1959
300 _axii, 276p
650 _aBaltic States --Foreign relations --Soviet Union
650 _aSoviet Union --Foreign relations --Baltic States
999 _c424074
_d424074